[Event "Pamplona9394"]
[Site "Pamplona"]
[Date "1993.??.??"]
[Round "2"]
[White "Seret, Jean Luc"]
[Black "Leko, Peter"]
[Result "0-1"]
[WhiteElo "2450"]
[BlackElo "2555"]

1.e4 c5 2.Nf3 d6 3.c3 Nf6 4.Be2 Nbd7 5.d3 g6 6.O-O Bg7 7.Re1 b6 8.Bf1 Bb7
9.Nbd2 O-O 10.d4 cxd4 11.cxd4 Rc8 12.b3 Qc7 13.Ba3 Qb8 14.Qe2 Qa8 15.e5 dxe5
16.dxe5 Nd5 17.e6 Nc5 18.exf7+ Rxf7 19.Ng5 Rf5 20.Ndf3 Ba6 21.Qd2 Bc3 22.Qc2 Bxf1
23.Rxf1 Bxa1 24.Rxa1 Ne6 25.Qxf5 gxf5 26.Nxe6 Qc6 27.Ned4 Qc3 28.Rd1 Qa5
29.Bc1 Qxa2 30.Bh6 Nc3 31.Rc1 Rc5 32.Re1 Ne4 33.Re2 Qa1+ 34.Re1 Qc3 35.h3 Rd5
36.Rc1 Rxd4  0-1

[Event "Pamplona9394"]
[Site "Pamplona"]
[Date "1993.??.??"]
[Round "4"]
[White "Leko, Peter"]
[Black "Sokolov, Andrei"]
[Result "0-1"]
[WhiteElo "2555"]
[BlackElo "2525"]

1.e4 c5 2.Nf3 e6 3.d4 cxd4 4.Nxd4 Nf6 5.Nc3 d6 6.f4 Nc6 7.Be3 e5 8.Nf3 Ng4
9.Qd2 Nxe3 10.Qxe3 exf4 11.Qxf4 Be6 12.O-O-O Be7 13.Nd5 O-O 14.Bc4 Rc8 15.Bb3 Na5
16.Nxe7+ Qxe7 17.Bxe6 Qxe6 18.Rd5 Nc6 19.Ng5 Qg6 20.Rd2 Rfe8 21.Re1 d5 22.e5 f6
23.Nf3 fxe5 24.Nxe5 Rxe5 25.Rxe5 Rf8 26.Qxf8+ Kxf8 27.Rexd5 Qe4 28.b3 h6
29.Kb2 Kg8 30.c3 Kh7 31.h3 Ne7 32.R5d4 Qe1 33.Rd1 Qe5 34.Rd7 Nf5 35.R1d2 Qe1
36.Rd1 Qe4 37.R1d2 Qe1 38.Rd1 Qe4 39.R1d2 a6 40.g4 Ne3 41.Rf7 b5 42.Rdd7 Qg2+
43.Ka1 Qh1+ 44.Kb2 Qg2+ 45.Ka1 Kg6 46.Rxg7+ Kf6 47.Rdf7+ Ke5 48.Re7+ Kf4
49.Rgf7+ Kg5 50.Rxe3 Qg1+ 51.Kb2 Qxe3 52.Rd7 Qxh3 53.Rd4 Qg2+ 54.Ka3 Qc2
55.c4 Qc3 56.Re4  0-1

[Event "Pamplona9394"]
[Site "Pamplona"]
[Date "1993.??.??"]
[Round "5"]
[White "Garbisu, Unai"]
[Black "Leko, Peter"]
[Result "1/2-1/2"]
[WhiteElo "2255"]
[BlackElo "2555"]

1.e4 c5 2.Nf3 d6 3.d4 cxd4 4.Nxd4 Nf6 5.Nc3 Nc6 6.f3 e6 7.Be3 Be7 8.Qd2 a6
9.O-O-O Qc7 10.g4 Ne5 11.g5 Nfd7 12.f4 Nc4 13.Bxc4 Qxc4 14.f5 Ne5 15.f6 gxf6
16.gxf6 Bxf6 17.Rhf1 Be7 18.Bg5 Nd3+ 19.Kb1 Bxg5 20.Qxg5 Qxd4 21.Qh5 Rf8
22.Rxd3 Qe5 23.Qh4 Bd7 24.Rfd1 f6 25.Rxd6 O-O-O 26.Qxh7 Bc6 27.Rxd8+ Rxd8
28.Rxd8+ Kxd8 29.h3 f5 30.Qg8+ Ke7 31.Qg5+ Kf7 32.exf5 exf5 33.h4 Bd7 34.Qh5+  1/2-1/2

[Event "ARG-World"]
[Site "Buenos Aires"]
[Date "1994.??.??"]
[Round "1"]
[White "Leko, Peter"]
[Black "Casafus, Ruben"]
[Result "1/2-1/2"]
[WhiteElo "2545"]
[BlackElo "2430"]

1.e4 e5 2.Nf3 Nf6 3.d4 Nxe4 4.Bd3 d5 5.Nxe5 Nd7 6.Nxd7 Bxd7 7.O-O Be7 8.c4 c6
9.Re1 Nf6 10.Nc3 Be6 11.c5 O-O 12.b4 Qd7 13.Bf4 Rfe8 14.Qc2 g6 15.Ne2 Nh5
16.Be3 Bf6 17.Rab1 Ng7 18.f3 Bf5 19.Bf2 Bxd3 20.Qxd3 Qf5 21.Qb3 a6 22.Ng3 Qf4
23.Qd3 h5 24.Rbd1 Rxe1+ 25.Rxe1 Re8 26.Rxe8+ Nxe8 27.Ne2 Qc7 28.g3 Ng7 29.h3 Qe7
30.Kg2 Kf8 31.a4 Qd7 32.g4 Kg8 33.Bg3 hxg4 34.hxg4 Ne6 35.Qe3 Qd8 36.Be5 Bxe5
37.Qxe5 Qg5 38.Qxg5 Nxg5 39.Nf4 Kg7 40.Kf2 Kf6 41.Ke3 Ke7 42.b5 axb5 43.axb5 Ne6
44.b6 Nxf4 45.Kxf4 Kf6 46.g5+ Ke6 47.Kg4 Ke7 48.Kg3 Kd7 49.Kh3 Ke7 50.Kg4 Kd7
51.f4 Ke6 52.f5+ Ke7 53.Kf4 Kd7 54.Ke5 Ke7 55.f6+ Kd7  1/2-1/2

[Event "ARG-World"]
[Site "Buenos Aires"]
[Date "1994.??.??"]
[Round "8"]
[White "Ricardi, Pablo"]
[Black "Leko, Peter"]
[Result "1-0"]
[WhiteElo "2470"]
[BlackElo "2545"]

1.Nf3 Nf6 2.c4 c5 3.Nc3 Nc6 4.g3 g6 5.Bg2 Bg7 6.O-O O-O 7.d4 cxd4 8.Nxd4 Ng4
9.Nxc6 dxc6 10.Qb3 Qd4 11.h3 Ne5 12.Be3 Qxc4 13.f4 Qxb3 14.axb3 Nd7 15.Rxa7 Rxa7
16.Bxa7 e5 17.Rd1 exf4 18.gxf4 Nf6 19.b4 Be6 20.e3 Nd5 21.Nxd5 cxd5 22.Bc5 Rb8
23.Bxd5 Bxh3 24.Bxb7 Bg4 25.Rd2 Rxb7 26.Rd8+ Bf8 27.Bxf8 f6 28.Bc5+ Kf7 29.Kf2 g5
30.Kg3 Bf5 31.Rf8+ Ke6 32.Bd4 Rf7 33.Rg8 h6 34.b5 Be4 35.b6 Kf5 36.Rh8 gxf4+
37.exf4 Rg7+ 38.Kf2 Kxf4 39.Rxh6 Bb7 40.Rxf6+ Ke4 41.Rd6 Rh7 42.Bc3 Bd5 43.Kg3 Rh1
44.Kg4 Rg1+ 45.Kh5 Rg8 46.Kh6 Rc8 47.Kg5 Rc5 48.Kf6 Rb5 49.Ke7 Kd3 50.Kd7 Kc4
51.Kc7 Rc5+ 52.Kb8 Rb5 53.Ka7 Bg2 54.Rd7  1-0

[Event "BL2-W9394"]
[Site "Germany"]
[Date "1994.??.??"]
[Round "?"]
[White "Telljohann, Sven"]
[Black "Leko, Peter"]
[Result "1/2-1/2"]
[WhiteElo "2385"]
[BlackElo "2545"]

1.Nf3 Nf6 2.c4 c5 3.g3 g6 4.Bg2 Bg7 5.O-O O-O 6.d4 cxd4 7.Nxd4 Nc6 8.Nc3 Ng4
9.e3 d6 10.Nde2 Qa5 11.Qd5 Qxd5 12.cxd5 Nb4 13.Bd2 Ne5 14.b3 Bd7 15.a3 Na6
16.f4 Nd3 17.Rab1 Ndc5 18.b4 Na4 19.Nxa4 Bxa4 20.Bc3 Rfc8 21.Bxg7 Kxg7 22.Rfc1 Bd7
23.e4 Rxc1+ 24.Rxc1 Rc8 25.Rxc8 Bxc8 26.Nc3 Nc7 27.Kf2 Kf6 28.Ke3 Bd7  1/2-1/2

[Event "HUN-chT2 9394"]
[Site "?"]
[Date "1994.??.??"]
[Round "?"]
[White "Nemeth, Zoltan"]
[Black "Leko, Peter"]
[Result "1/2-1/2"]
[WhiteElo "2370"]
[BlackElo "2545"]

1.Nf3 Nf6 2.c4 c5 3.g3 g6 4.Bg2 Bg7 5.Nc3 Nc6 6.d4 cxd4 7.Nxd4 O-O 8.Nc2 d6
9.b3 Bd7 10.O-O a6 11.Bb2 Rb8 12.Rc1 Qa5 13.Nd5 Nxd5 14.Bxg7 Ne3 15.Nxe3 Kxg7
16.Rc2 Rfc8 17.Qa1+ Qe5 18.Qxe5+ Nxe5 19.Nd5  1/2-1/2

[Event "Leon"]
[Site "Leon"]
[Date "1994.??.??"]
[Round "2"]
[White "Ljubojevic, Ljubomir"]
[Black "Leko, Peter"]
[Result "1/2-1/2"]
[WhiteElo "2600"]
[BlackElo "2545"]

1.d4 Nf6 2.c4 g6 3.g3 Bg7 4.Bg2 d5 5.cxd5 Nxd5 6.Nf3 Nb6 7.O-O Nc6 8.e3 O-O
9.Nc3 e5 10.d5 Ne7 11.e4 Bg4 12.a4 c6 13.h3 Bxf3 14.Bxf3 cxd5 15.exd5 Nf5
16.a5 Nc4 17.a6 Rb8 18.Qd3 Ncd6 19.axb7 Rxb7 20.Ra6 Qb8 21.Bd1  1/2-1/2

[Event "Moscow ol (Men)"]
[Site "Moscow"]
[Date "1994.??.??"]
[Round "13"]
[White "Meduna, Eduard"]
[Black "Leko, Peter"]
[Result "1/2-1/2"]
[WhiteElo "2485"]
[BlackElo "2555"]

1.d4 Nf6 2.Nf3 g6 3.Bg5 Bg7 4.Nbd2 d6 5.e4 h6 6.Bh4 g5 7.Bg3 Nh5 8.c3 e6
9.Bd3 Qe7 10.O-O Nd7 11.Nc4 b6 12.a4 a6 13.Re1 Nxg3 14.hxg3 Bb7 15.Ne3 O-O
16.Bc2 Rfe8 17.Qe2 Rad8 18.Bd3 Ra8 19.Bc2 Rad8 20.Bd3 Ra8 21.Bc2  1/2-1/2

[Event "Wch U16"]
[Site "Szeged"]
[Date "1994.??.??"]
[Round "2"]
[White "Leko, Peter"]
[Black "Galyas, Miklos"]
[Result "0-1"]
[WhiteElo "2545"]
[BlackElo "2245"]

1.e4 e6 2.d4 d5 3.Nc3 Nf6 4.e5 Nfd7 5.f4 c5 6.Nf3 Nc6 7.Be3 a6 8.Qd2 b5 9.dxc5 Bxc5
10.Bxc5 Nxc5 11.Qf2 Qb6 12.Bd3 b4 13.Ne2 a5 14.O-O Ba6 15.Kh1 Rb8 16.Qg3 g6
17.Ng5 Ne7 18.Qh3 h5 19.Rae1 Nxd3 20.cxd3 Nf5 21.Nc1 Rc8 22.Qf3 Ke7 23.Qh3 h4
24.Re2 Rh5 25.Qf3 Bb7 26.Rfe1 d4 27.Ne4 Bd5 28.Kg1 a4 29.Qf2 Ne3 30.h3 Qc6
31.Nf6 Rhh8 32.Nxd5+ Qxd5 33.Rd2 Nf5 34.Rc2 b3 35.axb3 axb3 36.Rd2 Rc5 37.Qf3 Qxf3
38.gxf3 Rb8 39.Kf2 Ne3 40.Ne2 Nf5 41.Ra1 Rc2 42.Ke1 Rbc8 43.Rad1 R2c5 44.Ra1 g5
45.Ra7+ Ke8 46.fxg5 Rxe5 47.Rb7 Rc1+ 48.Kf2 Rh1 49.Nf4 Ree1 50.Re2 Rhf1+
51.Kg2 Ne3+ 52.Rxe3 dxe3  0-1

[Event "HUN-chT1"]
[Site "HUN"]
[Date "1995.??.??"]
[Round "?"]
[White "Izsak, Gyula"]
[Black "Leko, Peter"]
[Result "1/2-1/2"]
[WhiteElo "2445"]
[BlackElo "2555"]

1.d4 Nf6 2.c4 g6 3.Nf3 Bg7 4.g3 c5 5.dxc5 Qa5+ 6.Nbd2 Qxc5 7.Bg2 O-O 8.O-O Nc6
9.b3 d6 10.Bb2 Qh5 11.Re1 Bh3 12.Nf1 Rfd8 13.Bxh3 Qxh3 14.Bxf6 Bxf6 15.Rc1 e6
16.Ne3 Ne7 17.Qd2 d5 18.cxd5 Nxd5 19.Nxd5 Rxd5 20.Qf4 Kg7 21.e4 Rd7 22.e5 Be7
23.Red1 Rad8 24.Rxd7 Rxd7 25.Ng5 Qf5 26.Qxf5 gxf5 27.Nf3 b6 28.Kf1 Bc5 29.Ke2 f6
30.Rc2 h6 31.Rc4 a5 32.exf6+ Kxf6 33.Ne1 e5 34.Nd3 Be7 35.f3 Ke6 36.Rc8 Rd8
37.Rc7 Bf6 38.Nb2 Rd7 39.Rxd7 Kxd7 40.Nc4 b5 41.Ne3 Ke6 42.Kd3 h5 43.a4 bxa4
44.bxa4 Be7 45.h3 Bc5 46.Nc4 Bb4 47.g4 e4+ 48.fxe4 fxg4 49.hxg4 hxg4 50.Ke3 Be1
51.Kf4 g3  1/2-1/2

[Event "HUN-chT1 9596"]
[Site "HUN"]
[Date "1995.??.??"]
[Round "2"]
[White "Leko, Peter"]
[Black "Miranovic, Rajko"]
[Result "1/2-1/2"]
[WhiteElo "2555"]
[BlackElo "2385"]

1.e4 e5 2.Nf3 Nc6 3.Bb5 a6 4.Ba4 Nf6 5.O-O Nxe4 6.d4 b5 7.Bb3 d5 8.dxe5 Be6
9.Nbd2 Bc5 10.Nxe4 dxe4 11.Ng5 Qxd1 12.Rxd1 Bxb3 13.axb3 Bb6 14.Nxe4 Nxe5
15.Nc3 Ng4 16.Nd5 O-O-O 17.h3 Ne5 18.Rxa6 Kb7 19.Ra1 c6 20.Bf4 Nf3+ 21.gxf3 cxd5
22.Kf1 Rhe8 23.Re1 Kc6 24.Rxe8 Rxe8 25.Rd1 Re6 26.Rd3 Rf6 27.Be5 Rh6 28.f4 f6
29.Bc3 Rh5 30.Ke2 Rf5 31.Bd2 d4 32.Rf3 g6 33.Kd3 Rd5 34.Bb4 Kd7 35.Ke4 Ke6
36.Rd3 Rh5 37.Rg3 Rd5 38.Bd2 d3 39.c3 Bxf2 40.Rg2 Bb6 41.Be3 Bxe3 42.Kxe3 Rh5
43.Rg3 Rd5 44.c4 Rd8 45.Kd2 Rb8 46.Kc3 Kf5 47.c5 Kxf4 48.Rxd3 Ke4 49.Rd7 f5
50.Rxh7 Rf8 51.Re7+ Kd5 52.Kb4 f4 53.Rd7+ Kc6 54.Rd6+ Kc7 55.Kxb5 f3 56.Rd1 f2
57.Rf1 Rf4 58.b4 g5 59.Ka4 Kc6 60.Kb3 Kb5 61.Kc3 Rc4+ 62.Kd3 Rxb4 63.Rxf2 Kxc5
64.Rh2 Rh4 65.Ke3 g4 66.Rc2+ Kb4 67.hxg4 Rxg4 68.Rc8 Rg3+ 69.Kd2 Rg2+ 70.Kc1 Rg1+
71.Kc2 Rg2+ 72.Kb1 Rg1+ 73.Ka2 Rg2 74.Rb8+ Ka4 75.Rc8 Kb4 76.Rh8 Rf2 77.Rh4+ Kb5
78.Ka3 Rf6  1/2-1/2

[Event "Hoogovens op"]
[Site "Wijk aan Zee"]
[Date "1995.??.??"]
[Round "10"]
[White "Zapata, Alonso"]
[Black "Leko, Peter"]
[Result "1/2-1/2"]
[WhiteElo "2535"]
[BlackElo "2555"]

1.e4 e5 2.Nf3 Nc6 3.Bb5 a6 4.Ba4 Nf6 5.O-O Nxe4 6.d4 b5 7.Bb3 d5 8.dxe5 Be6
9.Nbd2 Nc5 10.c3 d4 11.Bxe6 Nxe6 12.cxd4 Ncxd4 13.Ne4 Be7 14.a4 O-O 15.Be3 Nf5
16.Qc2 Nxe3 17.fxe3 Qc8 18.Nd4 Nxd4 19.exd4 Qd7 20.Rad1 c6 21.Rf3 Qe6 22.Kh1 f6
23.exf6 Bxf6 24.h3 Be7 25.Rc3 Rf4 26.Ng3 Bd6 27.Rxc6 Rxd4 28.Nf5 Qxf5 29.Qb3+ Kf8
30.Rxd6 Rxd6 31.Rxd6 Qf1+ 32.Kh2 Qf4+ 33.Qg3 Qxg3+ 34.Kxg3 bxa4 35.Rd4 Rb8
36.Rxa4 Rb3+ 37.Kf4 Rxb2 38.Rxa6 Rxg2 39.Ra7 h6 40.Rb7 Kg8 41.Kf3 Rg1 42.Kf2 Rg5
43.Kf3 Kh7 44.Rb6 h5 45.Kf2 Rg6 46.Rb8 Rg5 47.Rb6 g6 48.Rb4 Kh6 49.h4  1/2-1/2

[Event "Belgrade"]
[Site "Belgrade"]
[Date "1996.??.??"]
[Round "5"]
[White "Leko, Peter"]
[Black "Karpov, Anatoly"]
[Result "1/2-1/2"]
[WhiteElo "2625"]
[BlackElo "2770"]

1.e4 c6 2.d4 d5 3.Nc3 dxe4 4.Nxe4 Nd7 5.Nf3 Ngf6 6.Nxf6+ Nxf6 7.Ne5 Nd7 8.Nd3 g6
9.c3 Bg7 10.Be2 e5 11.dxe5 Nxe5 12.Nxe5 Qxd1+ 13.Bxd1 Bxe5 14.O-O O-O 15.Re1 Bf6
16.Bb3 Kg7  1/2-1/2

[Event "Cacak"]
[Site "Cacak"]
[Date "1996.??.??"]
[Round "4"]
[White "Marinkovic, Ivan"]
[Black "Leko, Peter"]
[Result "1/2-1/2"]
[WhiteElo "2505"]
[BlackElo "2630"]

1.e4 e5 2.Nf3 Nc6 3.Nc3 Nf6 4.g3 Nd4 5.Bg2 Nxf3+ 6.Qxf3 Bc5 7.O-O O-O 8.d3 c6
9.h3 Re8 10.Re1 h6 11.a3 b5 12.Be3 d6 13.Rad1 Bxe3 14.Qxe3 a5 15.d4 Qe7 16.Qd2 Rb8
17.Na2 Qc7 18.Nc1 c5 19.dxc5 dxc5 20.Qd6 Qxd6 21.Rxd6 c4 22.Ne2 b4 23.axb4 Rxb4
24.Rb1 Be6 25.Nc3 Reb8 26.Ra6 Rxb2 27.Rc1 Rd8 28.Rxa5 Rd2 29.Ra2 Rxa2 30.Nxa2 h5
31.Kf1 h4 32.Ke1 Rd8 33.Nc3 Ra8 34.g4 Nh7 35.Kd2 Ng5 36.Rb1 f6 37.Rb4 Ra1
38.Rb1 Ra7 39.Rb4 Kh7 40.Ra4 Rb7 41.Ke3 Bf7 42.Bf1 Rb2 43.Ra2 Rb7 44.Ra4 Rb2
45.Ra2 Rb7  1/2-1/2

[Event "EU-ch Rapid-30'"]
[Site "Cap d`Agde"]
[Date "1996.??.??"]
[Round "?"]
[White "Short, Nigel D"]
[Black "Leko, Peter"]
[Result "1-0"]
[WhiteElo "2695"]
[BlackElo "2630"]

1.e4 c6 2.d4 d5 3.e5 Bf5 4.Nf3 e6 5.a3 c5 6.c4 Bxb1 7.Rxb1 Nc6 8.Qb3 Qb6
9.Qxb6 axb6 10.cxd5 exd5 11.Bb5 Ne7 12.O-O Nf5 13.Rd1 O-O-O 14.dxc5 bxc5
15.Bxc6 bxc6 16.g4 Nh6 17.h3 Be7 18.b4 Ng8 19.bxc5 Bxc5 20.Bg5 f6 21.Rdc1 Be7
22.e6 Rd6 23.Nd4 fxg5 24.Nxc6 Bf8 25.Nd4+ Kd8 26.Rb8+ Ke7 27.Rc7+  1-0

[Event "EU-ch Rapid-30'"]
[Site "Cap d`Agde"]
[Date "1996.??.??"]
[Round "?"]
[White "Leko, Peter"]
[Black "Van Wely, Loek"]
[Result "1/2-1/2"]
[WhiteElo "2630"]
[BlackElo "2605"]

1.e4 c5 2.Nf3 d6 3.d4 cxd4 4.Nxd4 Nf6 5.f3 a6 6.c4 e6 7.Nc3 Be7 8.Be3 O-O
9.Be2 b6 10.O-O Bb7 11.Qd2 Nbd7 12.Rfd1 Qc7 13.Rac1 Rac8 14.Bf1 Rfe8 15.Kh1 Qb8
16.a3 Bd8 17.Bg1 Kh8 18.b4 Ne5 19.Nb3 Be7 20.Na4 Nfd7 21.Qe3 Nxc4 22.Bxc4 b5
23.Bxe6 fxe6 24.Nb6 Nxb6 25.Qxb6 Rxc1 26.Rxc1 Bd8 27.Qa7 Qxa7 28.Bxa7 Kg8
29.Kg1 Kf7 30.Kf2 Re7 31.Bb8 Bb6+ 32.Ke2 Rd7 33.Rd1 Ke7 34.e5 dxe5 35.Rxd7+ Kxd7
36.Bxe5 Bd5 37.Nd2 g6 38.Kd3 a5 39.h3 axb4 40.axb4 Bd8 41.Kc3 Bh4 42.g3 Bg5
43.Ne4 Bxe4 44.fxe4 Be7 45.g4 Bh4 46.Kd3 Ke7 47.Bc3 Kd6 48.Ke2 Bg3 49.Kd3 h5
50.Ke2 hxg4 51.hxg4 Be5 52.Bd2 Ke7 53.Kd3 Kf6 54.g5+ Ke7 55.Be3 Kd6 56.Bc5+ Kc6
57.Ke3 Bc7 58.Kf3 Kd7 59.Kg4 e5 60.Kf3 Bd6 61.Bxd6 Kxd6  1/2-1/2

[Event "Ter Apel"]
[Site "Ter Apel"]
[Date "1996.??.??"]
[Round "4"]
[White "Leko, Peter"]
[Black "Nijboer, Friso"]
[Result "1/2-1/2"]
[WhiteElo "2625"]
[BlackElo "2475"]

1.e4 c5 2.Nf3 e6 3.d4 cxd4 4.Nxd4 Nf6 5.Nc3 Nc6 6.Ndb5 d6 7.Bf4 e5 8.Bg5 a6
9.Na3 b5 10.Nd5 Be7 11.Bxf6 Bxf6 12.c3 Bb7 13.Nc2 Ne7 14.Nxf6+ gxf6 15.Bd3 d5
16.exd5 Qxd5 17.Ne3 Qe6 18.Qh5 O-O-O 19.Bc2 f5 20.Nxf5 Kb8 21.Ne3 Ng6 22.Rd1 Nf4
23.Qf5 Qxf5 24.Bxf5 Rxd1+ 25.Kxd1 Bxg2 26.Nxg2 Nxg2 27.Rg1 Nh4 28.Bc2 Ng6
29.Rg5 Rd8+ 30.Ke1 f6 31.Rg3 Nf4 32.Bxh7 Kc7 33.Rg7+ Kb6 34.Be4 a5 35.Rb7+ Kc5
36.Rc7+ Kd6 37.Rb7 Kc5 38.Rc7+ Kd6 39.Rc6+ Ke7 40.Rb6 b4 41.Bf5 bxc3 42.bxc3 Nd3+
43.Ke2 Nf4+ 44.Kf3 Rd2 45.Rb7+ Kf8 46.Bb1 Nd5 47.c4 Nc3 48.Bg6 Rd4 49.Rf7+ Kg8
50.Rxf6 Kg7 51.Ra6 Rxc4 52.Be8 e4+ 53.Kg2 Nxa2 54.Rxa5 Rc2 55.Kg3 Nc3 56.Bh5 Ne2+
57.Bxe2 Rxe2 58.Ra3 Rb2 59.Re3 Rb4 60.Re2 Kf6 61.Kf4 e3+ 62.Kxe3  1/2-1/2

[Event "Yerevan ol (Men)"]
[Site "Yerevan"]
[Date "1996.??.??"]
[Round "9"]
[White "Van Wely, Loek"]
[Black "Leko, Peter"]
[Result "1/2-1/2"]
[WhiteElo "2605"]
[BlackElo "2630"]

1.c4 c5 2.Nc3 Nc6 3.Nf3 Nf6 4.e3 e6 5.d4 d5 6.a3 a6 7.dxc5 Bxc5 8.b4 Ba7
9.Bb2 dxc4 10.Qxd8+ Kxd8 11.Bxc4 Ke7 12.Bd3 Bd7 13.Rc1 Rhd8 14.Ke2 Rac8  1/2-1/2

[Event "Yerevan ol (Men)"]
[Site "Yerevan"]
[Date "1996.??.??"]
[Round "11"]
[White "Vakhidov, Tahir"]
[Black "Leko, Peter"]
[Result "1/2-1/2"]
[WhiteElo "2420"]
[BlackElo "2630"]

1.d4 Nf6 2.Nf3 g6 3.c4 Bg7 4.Nc3 d5 5.cxd5 Nxd5 6.e4 Nxc3 7.bxc3 c5 8.Rb1 O-O
9.Be2 cxd4 10.cxd4 Qa5+ 11.Bd2 Qxa2 12.O-O a5 13.Qc1 Bg4 14.Bc4 Qa4 15.Bb5 Qa2
16.Bc4 Qa4 17.Bb5 Qa2 18.Bc4 Qa4 19.Bb5 Qa2 20.Bc4 Qa4 21.Bb5 Qa2 22.Bc4 Qa4
23.Bb5 Qa2 24.Bc4  1/2-1/2

[Event "Yerevan ol (Men)"]
[Site "Yerevan"]
[Date "1996.??.??"]
[Round "12"]
[White "Leko, Peter"]
[Black "Sturua, Zurab"]
[Result "0-1"]
[WhiteElo "2630"]
[BlackElo "2560"]

1.e4 e5 2.Nf3 Nc6 3.Bb5 a6 4.Ba4 Nf6 5.O-O Be7 6.Re1 b5 7.Bb3 d6 8.c3 O-O
9.h3 Na5 10.Bc2 c5 11.d4 Qc7 12.Nbd2 cxd4 13.cxd4 Nc6 14.a3 Bd7 15.d5 Na5
16.Nf1 Nh5 17.b3 Rfc8 18.Ne3 g6 19.Bd2 Bd8 20.Bd3 Qb8 21.Kh2 Bb6 22.g3 Rc7
23.Nh4 Qd8 24.Rb1 Rac8 25.Nf3 Qf8 26.Qe2 Nb7 27.b4 Nd8 28.Rf1 f6 29.Nh4 Nf7
30.f4 exf4 31.gxf4 Qe8 32.Neg2 Bd4 33.Nf3 Bc3 34.Be3 Ng7 35.Qf2 f5 36.exf5 Bxf5
37.Rbd1 Bxd3 38.Rxd3 Qe4 39.Rfd1 Nf5 40.Bb6 Re7 41.Nfh4 N7h6 42.Nf3 Bf6 43.Ng1 Nf7
44.R1d2 Rc2 45.Qf1 Qc4 46.Nf3 Rxd2 47.Nxd2 Qc2 48.Bf2 Bb2 49.Kg1 Bc1 50.Nf3 Qc4
51.Nd2 Bxd2 52.Rxd2 Qxf1+ 53.Kxf1 Rc7 54.Ke2 N7h6 55.Rd3 Rc2+ 56.Kf3 Kf7
57.Ne1 Rc4 58.Ng2 Ng8 59.Ne3 Nxe3 60.Bxe3 Kf6 61.Bd2 Kf5 62.a4 Nf6 63.axb5 axb5
64.Ra3 Nxd5 65.Ra8 Rd4 66.Rf8+ Ke6 67.Ke2 Nxb4 68.Re8+ Kd5 69.Rh8 Re4+ 70.Kf3 Nc6
71.Rxh7 Nd4+ 72.Kg3 b4 73.h4 b3 74.h5 Re2  0-1

[Event "Yopal"]
[Site "Yopal"]
[Date "1997.06.21"]
[Round "2"]
[White "Gamboa, Nelson"]
[Black "Leko, Peter"]
[Result "1/2-1/2"]
[WhiteElo "2415"]
[BlackElo "2600"]

1.d4 Nf6 2.c4 c5 3.d5 b5 4.cxb5 a6 5.b6 d6 6.Nc3 Nbd7 7.e4 g6 8.Nf3 Bg7 9.Be2 O-O
10.O-O Nxb6 11.Bf4 Bg4 12.a4 Ne8 13.Qd2 Bxf3 14.Bxf3 Nc4 15.Qc2 Rb8 16.Rab1 Nc7
17.Nd1 Ne5 18.Be2 e6 19.Ne3 exd5 20.Nxd5 Nxd5 21.exd5 Qb6 22.Bd2 Rfc8 23.b3 Qa7
24.Kh1 Nd7 25.Qd3 Ra8 26.f4 Re8 27.a5 Qc7 28.Rbe1 Qb7 29.Qf3 Bd4 30.Bc4 Nf6  1/2-1/2

[Event "Yopal"]
[Site "Yopal"]
[Date "1997.06.24"]
[Round "5"]
[White "Leko, Peter"]
[Black "Milos, Gilberto"]
[Result "1/2-1/2"]
[WhiteElo "2600"]
[BlackElo "2605"]

1.e4 c5 2.Nf3 d6 3.d4 cxd4 4.Nxd4 Nf6 5.Nc3 a6 6.Be3 Ng4 7.Bg5 h6 8.Bh4 g5
9.Bg3 Bg7 10.Qd2 Nc6 11.Nb3 b5 12.f3 Nge5 13.Bf2 Rb8 14.Nd5 e6 15.Ne3 a5
16.a4 bxa4 17.Rxa4 O-O 18.Be2 Ng6 19.O-O Nf4 20.Rb1 Rb4 21.Rxb4 Nxe2+ 22.Qxe2 axb4
23.Qb5 Qc7 24.h4 Qb7 25.Qe2 Ne5 26.hxg5 hxg5 27.Rd1 Rd8 28.Nc5 Qe7 29.Nd3 Nc6
30.Qd2 d5 31.exd5 exd5 32.Re1 Qd6 33.Ng4 Bxg4 34.fxg4 Qg6 35.Nxb4 Nxb4 36.Qxb4 Qxc2
37.Qe7 Rc8 38.Qxg5 Qxb2 39.Qxd5 Rc1 40.Qa8+ Bf8 41.Qe4 Rxe1+ 42.Qxe1 Qb4
43.Qd1 Qc4 44.Qf3  1/2-1/2

[Event "HUN-chT2 9798"]
[Site "HUN"]
[Date "1998.??.??"]
[Round "?"]
[White "Foldi, Istvan"]
[Black "Leko, Peter"]
[Result "0-1"]
[WhiteElo "2365"]
[BlackElo "2600"]

1.d4 d5 2.Nf3 Nf6 3.c4 c6 4.e3 Bf5 5.Nc3 e6 6.Be2 h6 7.O-O Nbd7 8.Qb3 Rb8
9.Bd2 Bd6 10.c5 Bc7 11.Qa4 a6 12.b4 O-O 13.Qb3 e5 14.dxe5 Nxe5 15.Nxe5 Bxe5
16.Rad1 Qe7 17.Bc1 Bc7 18.Rd4 Qe5 19.g3 Qe6 20.Bb2 Rfe8 21.Bf3 Bh3 22.Rfd1 Qf5
23.Bg2 Ng4 24.R4d2 Ne5 25.f4 Bxg2 26.fxe5 Bh3 27.Rf2 Qh5 28.e4 Bxe5 29.Ne2 Bxb2
30.Nf4 Qg4 31.Rxb2 Rxe4 32.Nxh3 Qxh3 33.Rf1 Rbe8 34.Qf3 Qe6 35.a4 Re1 36.Rf2 Rxf1+
37.Kxf1 Qe1+ 38.Kg2 Qe4 39.Qxe4 Rxe4 40.Rb2 Rc4 41.a5 f5 42.Kf3 Kf7 43.Ke3 Kf6
44.Kd3 g5 45.Rb1 Ke5 46.Rb2 h5 47.Rb1 h4 48.Ke3 Re4+ 49.Kf3 g4+ 50.Kf2 h3
51.Rb2 Kd4 52.Kf1 f4 53.gxf4 Rxf4+ 54.Ke2 Kc3 55.Rb1 Rxb4 56.Rc1+ Kd4 57.Kf2 Rb3
58.Rg1 Rb2+  0-1

[Event "Grand Prix de Bordeaux"]
[Site "Bordeaux"]
[Date "1999.04.10"]
[Round "2.1"]
[White "Shirov, Alexei"]
[Black "Leko, Peter"]
[Result "1/2-1/2"]
[WhiteElo "2450"]
[BlackElo "2240"]

1.e4 e5 2.Nf3 Nc6 3.Bb5 Bc5 4.O-O Nf6 5.Re1 O-O 6.c3 d6 7.d4 Bb6 8.Bg5 h6
9.Bh4 a5 10.a4 exd4 11.Bxc6 bxc6 12.Nxd4 Re8 13.Nd2 g5 14.Bg3 c5 15.Nb5 Bb7
16.Qc2 d5 17.e5 Nh5 18.e6 Qe7 19.Bd6 cxd6 20.exf7+ Qxf7 21.Nxd6 Rxe1+ 22.Rxe1 Qf6
23.Ne8 Qf7 24.Nd6 Qf6 25.Ne8 Qf7  1/2-1/2

[Event "Frankfurt-West Masters"]
[Site "Frankfurt"]
[Date "1999.07.02"]
[Round "13"]
[White "Leko, Peter"]
[Black "Lutz, Christopher"]
[Result "1/2-1/2"]
[WhiteElo "2694"]
[BlackElo "2610"]

1.e4 c5 2.Nf3 d6 3.d4 cxd4 4.Nxd4 Nf6 5.Nc3 a6 6.Be3 Ng4 7.Bg5 h6 8.Bh4 g5
9.Bg3 Bg7 10.Be2 h5 11.Bxg4 hxg4 12.O-O Nc6 13.Nf5 Bxc3 14.bxc3 Qa5 15.Qxg4 f6
16.Qf3 Ne5 17.Qe3 Bxf5 18.exf5 Rc8 19.Qa7 Kf7 20.Qxb7 Rxc3 21.Rfd1 Qb5 22.Qa7 Nc6
23.Qd7 Nd4 24.Qxb5 Nxb5 25.a4 Na7 26.Rab1 Rhc8 27.h4 gxh4 28.Bxh4 Rxc2 29.Re1 R8c7
30.f3 Nc6 31.Rec1 Nd4 32.Rxc2 Rxc2 33.Rb6 Nxf5 34.Bf2 Rc1+ 35.Kh2 Rc2 36.Kg1  1/2-1/2

[Event "4th Borowski GM"]
[Site "Essen GER"]
[Date "2002.05.20"]
[Round "5"]
[White "Luther,T"]
[Black "Leko,P"]
[Result "0-1"]
[WhiteElo "2566"]
[BlackElo "2707"]

1.e4 c5 2.Nf3 Nc6 3.d4 cxd4 4.Nxd4 Nf6 5.Nc3 e5 6.Ndb5 d6 7.Bg5 a6 8.Na3 b5
9.Bxf6 gxf6 10.Nd5 f5 11.Bxb5 axb5 12.Nxb5 Ra4 13.b4 Rxb4 14.Nbc7+ Kd7 15.O-O Rg8
16.g3 Rb7 17.Qh5 Qg5 18.Qxf7+ Be7 19.Nxe7 Nxe7 20.Ne6 Qg6 21.Nf8+ Rxf8 22.Qxf8 fxe4
23.Rab1 Rc7 24.a4 e3 25.fxe3 Qe4  0-1

[Event "Tal Memorial Blitz"]
[Site "Moscow RUS"]
[Date "2008.08.30"]
[Round "20"]
[White "Leko,P"]
[Black "Karjakin,Sergey"]
[Result "1-0"]
[WhiteElo "2741"]
[BlackElo "2727"]

1.e4 e5 2.Nf3 Nc6 3.Bb5 Nf6 4.O-O Nxe4 5.d4 Nd6 6.Bxc6 dxc6 7.dxe5 Nf5 8.Qxd8+ Kxd8
9.Nc3 Ne7 10.h3 Ng6 11.Ne4 h6 12.Re1 c5 13.Kh2 Be6 14.g4 Be7 15.Ng3 Re8 16.Nh5 Bf8
17.Kg3 Kc8 18.Bd2 Bd5 19.Bc3 b5 20.b3 Kb7 21.Nd2 Ne7 22.f4 Nc6 23.f5 Nd4
24.Rac1 Rxe5 25.Rxe5 Bd6 26.Bxd4 cxd4 27.Re1 f6 28.Nf4 Bxe5 29.Rxe5 fxe5
30.Nxd5 Kc6 31.Nb4+ Kc5 32.Nd3+ Kd5 33.Kf3 c5 34.Ne4 Rc8 35.h4 a5 36.Ndxc5 Rxc5
37.Nxc5 Kxc5 38.Ke4 Kd6 39.a3  1-0

[Event "FIDE GP Beijing"]
[Site "Beijing CHN"]
[Date "2013.07.07"]
[Round "4.5"]
[White "Giri,A"]
[Black "Leko,P"]
[Result "1/2-1/2"]
[WhiteElo "2734"]
[BlackElo "2737"]

1.d4 Nf6 2.c4 e6 3.Nc3 Bb4 4.e3 O-O 5.Ne2 d5 6.a3 Be7 7.cxd5 exd5 8.b4 c6
9.Ng3 Re8 10.Bd3 Nbd7 11.O-O Nb6 12.Qc2 a5 13.b5 c5 14.dxc5 Bxc5 15.Bb2 Bd6
16.Nce2 g6 17.Rad1 Bd7 18.Qb1 Na4 19.Ba1 Be5 20.Rc1 Qe7 21.Bxe5 Qxe5 22.Qc2 Nb6
23.Qc5 Na4 24.Qc2 Nb6 25.Qc5 Na4  1/2-1/2

[Event "SportAccord Rapid 2014"]
[Site "Beijing CHN"]
[Date "2014.12.11"]
[Round "1.6"]
[White "Wang Hao"]
[Black "Leko,P"]
[Result "1-0"]
[WhiteElo "2710"]
[BlackElo "2723"]

1.d4 Nf6 2.c4 e6 3.Nc3 Bb4 4.e3 O-O 5.Ne2 d5 6.a3 Be7 7.cxd5 exd5 8.g3 Re8
9.Bg2 c6 10.O-O Na6 11.f3 c5 12.Qc2 Nc7 13.Rd1 cxd4 14.Nxd4 Bd7 15.g4 h6
16.b3 Rc8 17.Bb2 Bd6 18.Re1 Nb5 19.Ndxb5 Bxb5 20.Qd2 Bc6 21.Ne2 Nd7 22.Nd4 g6
23.f4 Be7 24.Rad1 Bf6 25.e4 dxe4 26.Nxc6 bxc6 27.Bxf6 Nxf6 28.Qxd8 Rcxd8
29.Rxd8 Rxd8 30.g5 Nh5 31.Rxe4 Rd3 32.Ra4 Rxb3 33.Bxc6 Rc3 34.Bd7 Rc7 35.Bg4 hxg5
36.fxg5 Rc5 37.h4 a5 38.Kf2 Re5 39.Kf3 Kg7 40.Rc4 f6 41.Rc7+ Kf8 42.Bxh5 gxh5
43.g6 a4 44.Rf7+ Kg8 45.Rxf6 Kg7 46.Ra6 Re1 47.Kf4 Rg1 48.Kf5 Rg4 49.Ra7+ Kg8  1-0

[Event "SportAccord Rapid 2014"]
[Site "Beijing CHN"]
[Date "2014.12.11"]
[Round "2.7"]
[White "Aronian,L"]
[Black "Leko,P"]
[Result "1/2-1/2"]
[WhiteElo "2797"]
[BlackElo "2723"]

1.c4 c5 2.Nf3 Nf6 3.Nc3 Nc6 4.e3 e6 5.d4 d5 6.cxd5 exd5 7.Bb5 cxd4 8.Nxd4 Qc7
9.Bd2 a6 10.Ba4 Bd6 11.Rc1 O-O 12.Nce2 Bd7 13.Nxc6 Bxc6 14.Nd4 Bxa4 15.Qxa4 Qb6
16.Qb3 Qxb3 17.Nxb3 Be5 18.Bc3 Bxc3+ 19.Rxc3 Rfc8 20.Rd3 Rc2 21.Rd2 Rac8
22.Rf1 Kf8 23.Nd4 Rxd2 24.Kxd2 g6 25.f3 Ke7 26.Ne2 h5 27.Nf4 Kd6 28.Rd1 Rc4
29.Kd3 Ke5 30.Rd2 Ne8 31.a3 Nc7 32.Ke2 a5 33.h4 d4 34.Nd3+ Kd6 35.e4 Ne6
36.f4 Rc6 37.g3 Rb6 38.b4 axb4 39.Nxb4 Rb5 40.e5+ Kd7 41.Rd3 Ke7 42.Kd1 f6
43.exf6+ Kxf6 44.Nc2 Rb1+ 45.Ke2 Rb2 46.Kd1 Rb1+ 47.Ke2 Rb2 48.Kd1  1/2-1/2